[Event "Civil Service Ch 22nd"]
[Site "Leeds"]
[Date "2012.07.18"]
[Round "1.1"]
[White "Lewyk, Ihor"]
[Black "Bowers, Francis J"]
[Result "1/2-1/2"]
[WhiteElo "2066"]
[BlackElo "2114"]
[PlyCount "84"]
[EventDate "2012.07.18"]
[EventType "swiss"]
[EventRounds "5"]
[EventCountry "ENG"]
[SourceTitle "BritBase"]
[Source "John Saunders"]
[SourceDate "2024.12.03"]
[SourceVersion "1"]
[SourceVersionDate "2024.12.03"]
[SourceQuality "1"]

1. Nf3 Nf6 2. d4 c5 3. e3 d5 4. c3 Nc6 5. Bd3 e6 6. O-O Qc7 7. Nbd2 Be7 8. Re1 Bd7 9. dxc5 Bxc5 10. e4 O-O-O 11. exd5 exd5 12. Nb3 Bd6 13. h3 h6 14. Nbd4 a6 15. Be3 Kb8 16. Nxc6+ Bxc6 17. Qb3 Nd7 18. Bxa6 Rhe8 19. Bf1 Re4 20. Nd4 Nc5 21. Nxc6+ Qxc6 22. Bxc5 Bxc5 23. Rxe4 dxe4 24. Rd1 Rxd1 25. Qxd1 Qb6 26. Qe2 f5 27. b4 Bd6 28. Qb5 Qc7 29. c4 g6 30. c5 Bh2+ 31. Kh1 Be5 32. c6 Bd4 33. Kg1 Qxc6 $11 34. Qc4 Qb6 35. Qc2 Qxb4 36. g3 Qd6 37. Kg2 $11 g5 38. Be2 Qd5 39. Qa4 Qc5 40. Qe8+ Ka7 41. Qa4+ Kb6 42. Qb3+ Ka7 1/2-1/2

[Event "Civil Service Ch 22nd"]
[Site "Leeds"]
[Date "2012.07.18"]
[Round "1.2"]
[White "Ashby, Anthony C"]
[Black "Greenacre, Kevin"]
[Result "1-0"]
[WhiteElo "2090"]
[BlackElo "1906"]
[PlyCount "79"]
[EventDate "2012.07.18"]
[EventType "swiss"]
[EventRounds "5"]
[EventCountry "ENG"]
[SourceTitle "BritBase"]
[Source "John Saunders"]
[SourceDate "2024.12.03"]
[SourceVersion "1"]
[SourceVersionDate "2024.12.03"]
[SourceQuality "1"]

1. e4 e6 2. d4 d5 3. Nc3 dxe4 4. Nxe4 Be7 5. Nf3 Nf6 6. Nxf6+ Bxf6 7. c3 O-O 8. Bd3 Nd7 9. Qc2 g6 10. Be3 Qe7 11. O-O Bg7 12. Rfe1 Nf6 13. Rad1 Rd8 14. Qc1 Nd5 15. Bh6 Qf8 16. Bxg7 Qxg7 17. a3 Bd7 18. b4 a5 19. c4 Nf6 20. Qf4 c6 21. Bf1 Rdc8 22. Ne5 Be8 23. Rb1 axb4 24. Rxb4 Nh5 25. Qe3 Qf8 26. c5 Rc7 27. Nc4 Nf6 28. Qg3 Nd5 29. Rb3 Qe7 30. Reb1 Ra7 31. Nb6 Kg7 32. h3 h6 33. Nc4 Bd7 34. Nd6 Bc8 35. Bd3 Qd7 36. Be4 Kf8 37. Bxg6 fxg6 38. Qxg6 Qh7 39. Qe8+ Kg7 40. Rg3+ 1-0

[Event "Civil Service Ch 22nd"]
[Site "Leeds"]
[Date "2012.07.18"]
[Round "1.3"]
[White "Pickersgill, Adrian O"]
[Black "Maxwell, Alistair"]
[Result "1/2-1/2"]
[WhiteElo "2170"]
[BlackElo "2058"]
[PlyCount "105"]
[EventDate "2012.07.18"]
[EventType "swiss"]
[EventRounds "5"]
[EventCountry "ENG"]
[SourceTitle "BritBase"]
[Source "John Saunders"]
[SourceDate "2024.12.03"]
[SourceVersion "1"]
[SourceVersionDate "2024.12.03"]
[SourceQuality "1"]

1. e4 d6 2. d4 Nf6 3. Nc3 g6 4. h3 Bg7 5. Be3 c6 6. Nf3 b5 7. Bd3 O-O 8. Qd2 b4 9. Ne2 a5 10. Ng3 Ba6 11. O-O Bxd3 12. cxd3 Re8 13. Bh6 Bh8 14. Rac1 e5 15. dxe5 dxe5 16. Rfd1 Qb6 17. Qc2 Ra6 18. Ng5 Bg7 19. Qc4 Re7 20. Bxg7 Kxg7 21. d4 exd4 22. Rxd4 Nbd7 23. Rd6 Ne5 24. Qc5 Qxc5 25. Rxc5 Ne8 26. Rd2 Nd7 27. Rc1 c5 28. f4 Rd6 29. Rxd6 Nxd6 30. e5 Nb5 31. N5e4 Nd4 32. Nxc5 Nb6 33. Kf2 f6 34. exf6+ Kxf6 35. Nce4+ Kg7 36. Rc5 Na4 37. Rxa5 Nxb2 38. Rd5 Nf5 39. Rxf5 Rxe4 40. Nxe4 gxf5 41. Nd6 Kg6 42. Ke2 Na4 43. Nb5 Nc5 44. Nd4 Ne4 45. Nb5 Nc5 46. Ke3 b3 47. axb3 Nxb3 48. Nd4 Nc5 49. g4 fxg4 50. hxg4 h5 51. Kf3 hxg4+ 52. Kxg4 Kf6 53. Kf3 1/2-1/2

[Event "Civil Service Ch 22nd"]
[Site "Leeds"]
[Date "2012.07.18"]
[Round "1.4"]
[White "Thurlow, Kevin J"]
[Black "Bowering, Charles"]
[Result "1/2-1/2"]
[WhiteElo "2114"]
[BlackElo "1914"]
[PlyCount "99"]
[EventDate "2012.07.18"]
[EventType "swiss"]
[EventRounds "5"]
[EventCountry "ENG"]
[SourceTitle "BritBase"]
[Source "John Saunders"]
[SourceDate "2024.12.03"]
[SourceVersion "1"]
[SourceVersionDate "2024.12.03"]
[SourceQuality "1"]

1. c4 e5 2. Nc3 Nf6 3. Nf3 Nc6 4. e3 d5 5. cxd5 Nxd5 6. Bb5 Nxc3 7. bxc3 Bd6 8. d4 exd4 9. exd4 O-O 10. O-O Bg4 11. Qd3 Qf6 12. Bg5 Qf5 13. Qxf5 Bxf5 14. Nh4 Bd7 15. Rab1 h6 16. Be3 b6 17. Nf3 Rad8 18. c4 Rfe8 19. Rfd1 Nb8 20. c5 Bf8 21. cxb6 cxb6 22. Rdc1 Bd6 23. h3 Bxb5 24. Rxb5 Nd7 25. Rb3 Kf8 26. Rc6 Nb8 27. Rc4 Nd7 28. Kf1 Nf6 29. Nd2 Bb8 30. Ke2 Rd5 31. Kd3 Red8 32. Rbc3 Ke7 33. Rc8 Kd7 34. Rxd8+ Kxd8 35. Ne4 Nxe4 36. Kxe4 Ra5 37. Rc2 Kd7 $11 38. g4 Bd6 39. f4 Ra3 40. f5 Ke7 41. Re2 Kd7 42. h4 f6 43. Rc2 Ra5 44. g5 hxg5 45. hxg5 b5 46. g6 b4 47. Bd2 Rb5 48. Rb2 a5 49. a4 Rb8 50. Rb3 1/2-1/2

[Event "Civil Service Ch 22nd"]
[Site "Leeds"]
[Date "2012.07.18"]
[Round "1.5"]
[White "Parkes, Jack C"]
[Black "Brusey, Alan W"]
[Result "1/2-1/2"]
[WhiteElo "1810"]
[BlackElo "2042"]
[PlyCount "59"]
[EventDate "2012.07.18"]
[EventType "swiss"]
[EventRounds "5"]
[EventCountry "ENG"]
[SourceTitle "BritBase"]
[Source "John Saunders"]
[SourceDate "2024.12.03"]
[SourceVersion "1"]
[SourceVersionDate "2024.12.03"]
[SourceQuality "1"]

1. e4 e6 2. d4 d5 3. exd5 exd5 4. Bd3 Nc6 5. c3 Bd6 6. Ne2 Nf6 7. Bf4 O-O 8. O-O Re8 9. Bxd6 Qxd6 10. Na3 Bg4 11. f3 Bh5 12. Qd2 Bg6 13. Bxg6 hxg6 14. Rae1 a6 15. Nc1 b5 16. b4 Rxe1 17. Rxe1 Na5 18. Nd3 Nc4 19. Nxc4 bxc4 20. Nc5 c6 21. a4 $11 Qc7 22. a5 Kf8 23. Qg5 Qc8 24. Qh4 Kg8 25. Qf4 Ra7 26. g4 Ne8 27. Qe5 Nc7 28. Re3 Ra8 $11 29. Kg2 Nb5 30. Kg3 1/2-1/2

[Event "Civil Service Ch 22nd"]
[Site "Leeds"]
[Date "2012.07.18"]
[Round "1.6"]
[White "Archer, Richard P"]
[Black "Murray, Stephen A"]
[Result "1-0"]
[WhiteElo "2098"]
[BlackElo "1842"]
[PlyCount "130"]
[EventDate "2012.07.18"]
[EventType "swiss"]
[EventRounds "5"]
[EventCountry "ENG"]
[SourceTitle "BritBase"]
[Source "John Saunders"]
[SourceDate "2024.12.03"]
[SourceVersion "1"]
[SourceVersionDate "2024.12.03"]
[SourceQuality "1"]

1. e4 c5 2. Nf3 d6 3. Bc4 e6 4. O-O Nf6 5. Re1 Nc6 6. d3 Be7 7. c3 O-O 8. Nbd2 Bd7 9. a4 Qc7 10. Nf1 d5 11. Ba2 dxe4 12. dxe4 Ne5 13. Nxe5 Qxe5 14. f4 Qc7 15. e5 Ne8 16. Bb1 f5 17. Re3 Rf7 18. Rh3 Rd8 19. Qe2 b6 20. Ba2 Bc8 21. Ne3 Qd7 22. Bb3 Nc7 23. Nc4 Ba6 24. Qf2 Bxc4 25. Bxc4 Qd1+ 26. Qf1 Qxf1+ 27. Kxf1 Bf8 28. Rd3 Rfd7 29. Rxd7 Rxd7 30. Ke2 Kf7 31. g3 Be7 32. Bd2 h6 33. Rf1 a6 34. h3 b5 35. axb5 axb5 36. Bb3 c4 37. Bc2 g6 38. Be3 Nd5 39. Bd4 b4 40. Ra1 bxc3 41. bxc3 g5 42. fxg5 Bxg5 43. Ra6 Be7 44. Rc6 Nb4 45. cxb4 Rxd4 46. b5 c3 47. Rxc3 Rb4 48. Rb3 Rxb3 49. Bxb3 Bc5 $11 50. Kf3 Bb6 51. Kf4 Bc7 52. g4 fxg4 53. hxg4 Bb6 54. Bc2 Bc7 55. Ke4 Bb6 56. Bd3 Bc5 57. Be2 Bb6 58. Bf3 Bc5 59. Kd3 Bb6 60. Be4 Bc7 61. Kd4 Bb6+ 62. Kc4 Ke7 63. Bg6 Kf8 64. Be4 Ke7 65. Bc6 Kf7 {and Black eventually lost on time.} 1-0

[Event "Civil Service Ch 22nd"]
[Site "Leeds"]
[Date "2012.07.18"]
[Round "2.1"]
[White "Archer, Richard P"]
[Black "Ashby, Anthony C"]
[Result "1/2-1/2"]
[WhiteElo "2098"]
[BlackElo "2090"]
[PlyCount "23"]
[EventDate "2012.07.18"]
[EventType "swiss"]
[EventRounds "5"]
[EventCountry "ENG"]
[SourceTitle "BritBase"]
[Source "John Saunders"]
[SourceDate "2024.12.03"]
[SourceVersion "1"]
[SourceVersionDate "2024.12.03"]
[SourceQuality "1"]

1. d4 Nf6 2. Nf3 e6 3. c4 c5 4. d5 b5 5. dxe6 fxe6 6. cxb5 Bb7 7. Nc3 d5 8. e4 Be7 9. e5 Nfd7 10. Ng5 Bxg5 11. Qh5+ g6 12. Qxg5 1/2-1/2

[Event "Civil Service Ch 22nd"]
[Site "Leeds"]
[Date "2012.07.18"]
[Round "2.2"]
[White "Bowers, Francis J"]
[Black "Pickersgill, Adrian O"]
[Result "1-0"]
[WhiteElo "2114"]
[BlackElo "2170"]
[PlyCount "69"]
[EventDate "2012.07.18"]
[EventType "swiss"]
[EventRounds "5"]
[EventCountry "ENG"]
[SourceTitle "BritBase"]
[Source "John Saunders"]
[SourceDate "2024.12.03"]
[SourceVersion "1"]
[SourceVersionDate "2024.12.03"]
[SourceQuality "1"]

1. e4 d6 2. d4 Nf6 3. Nc3 c6 4. Nf3 Bg4 5. Be2 e6 6. O-O Be7 7. Re1 d5 8. e5 Nfd7 9. h3 Bh5 10. Nh2 Bxe2 11. Nxe2 O-O 12. c3 c5 13. Be3 Nc6 14. f4 cxd4 15. cxd4 g6 16. Nf3 Rc8 17. Rc1 Qb6 18. Qd2 Rc7 19. g4 Rfc8 20. f5 Na5 21. f6 Bf8 22. Bh6 Rxc1 23. Rxc1 Rxc1+ 24. Qxc1 Qc6 25. Nc3 Qc8 26. Bxf8 Qxf8 27. Nb5 Nc6 28. Nd6 Nd8 29. Qc7 Nb6 30. Nxb7 Nxb7 31. Qxb7 Nc4 32. b3 Nb2 33. Qxa7 h6 34. Qc5 Qa8 35. Qc1 1-0

[Event "Civil Service Ch 22nd"]
[Site "Leeds"]
[Date "2012.07.18"]
[Round "2.3"]
[White "Maxwell, Alistair"]
[Black "Parkes, Jack C"]
[Result "1/2-1/2"]
[WhiteElo "2058"]
[BlackElo "1810"]
[PlyCount "56"]
[EventDate "2012.07.18"]
[EventType "swiss"]
[EventRounds "5"]
[EventCountry "ENG"]
[SourceTitle "BritBase"]
[Source "John Saunders"]
[SourceDate "2024.12.03"]
[SourceVersion "1"]
[SourceVersionDate "2024.12.03"]
[SourceQuality "1"]

1. d4 d5 2. Nf3 Nf6 3. c4 e6 4. Nc3 Nbd7 5. Bf4 dxc4 6. e3 Nd5 7. Bxc4 Nxf4 8. exf4 c6 9. O-O b5 10. Bd3 Be7 11. f5 exf5 12. Bxf5 Nf6 13. Bc2 Bg4 14. Qd3 Bxf3 15. Qxf3 Rc8 16. Rad1 O-O 17. Bf5 Rc7 18. d5 cxd5 19. Nxd5 Nxd5 20. Rxd5 Qb8 21. Bb1 g6 22. Rfd1 Rd8 23. g3 Rxd5 24. Qxd5 a6 25. h4 Qc8 26. h5 Rc1 27. hxg6 Rxd1+ 28. Qxd1 hxg6 1/2-1/2

[Event "Civil Service Ch 22nd"]
[Site "Leeds"]
[Date "2012.07.18"]
[Round "2.4"]
[White "Brusey, Alan W"]
[Black "Thurlow, Kevin J"]
[Result "1-0"]
[WhiteElo "2042"]
[BlackElo "2114"]
[PlyCount "73"]
[EventDate "2012.07.18"]
[EventType "swiss"]
[EventRounds "5"]
[EventCountry "ENG"]
[SourceTitle "BritBase"]
[Source "John Saunders"]
[SourceDate "2024.12.03"]
[SourceVersion "1"]
[SourceVersionDate "2024.12.03"]
[SourceQuality "1"]

1. e4 c5 2. Nf3 e6 3. c3 d5 4. e5 Nc6 5. d4 f6 6. Bd3 cxd4 7. cxd4 Bb4+ 8. Nc3 fxe5 9. Nxe5 Nxe5 10. dxe5 Bd7 11. Qh5+ Kf8 12. O-O Qe8 13. Qf3+ Qf7 14. Qg4 a5 15. a3 Be7 16. Nxd5 h5 17. Qh3 Bc6 18. Nf4 Rh6 19. Bc4 Bd7 20. Qb3 Rb8 21. Rd1 Bc8 22. Qb6 Ra8 23. Bd2 g5 24. Nd3 h4 25. h3 Rg6 26. f3 Qe8 27. Bxa5 Bd7 28. Bb4 Bc6 29. Bxe7+ Nxe7 30. Nb4 Rc8 31. Rac1 Qf7 32. Rd8+ Rxd8 33. Qxd8+ Kg7 34. Rd1 Nd5 35. Nxd5 exd5 36. Bxd5 Bxd5 37. Rxd5 1-0

[Event "Civil Service Ch 22nd"]
[Site "Leeds"]
[Date "2012.07.18"]
[Round "2.5"]
[White "Bowering, Charles"]
[Black "Lewyk, Ihor"]
[Result "1/2-1/2"]
[WhiteElo "1914"]
[BlackElo "2066"]
[PlyCount "51"]
[EventDate "2012.07.18"]
[EventType "swiss"]
[EventRounds "5"]
[EventCountry "ENG"]
[SourceTitle "BritBase"]
[Source "John Saunders"]
[SourceDate "2024.12.03"]
[SourceVersion "1"]
[SourceVersionDate "2024.12.03"]
[SourceQuality "1"]

1. d4 Nf6 2. Nc3 d5 3. Bg5 c6 4. e3 Bf5 5. Bd3 Bxd3 6. Qxd3 Ne4 7. Bf4 Nxc3 8. Qxc3 Na6 9. Qd2 e6 10. Nf3 Be7 11. O-O O-O 12. Rfe1 c5 13. c3 Rc8 14. Rad1 b5 15. Qe2 Qb6 16. e4 dxe4 17. Qxe4 cxd4 18. cxd4 Bf6 19. Ne5 Bxe5 20. dxe5 Rc4 21. Qf3 Nb4 22. Qg3 Rd8 23. Bh6 g6 24. Qg5 Rxd1 25. Rxd1 Rd4 26. Rc1 1/2-1/2

[Event "Civil Service Ch 22nd"]
[Site "Leeds"]
[Date "2012.07.18"]
[Round "2.6"]
[White "Greenacre, Kevin"]
[Black "Murray, Stephen A"]
[Result "1-0"]
[WhiteElo "1906"]
[BlackElo "1842"]
[PlyCount "64"]
[EventDate "2012.07.18"]
[EventType "swiss"]
[EventRounds "5"]
[EventCountry "ENG"]
[SourceTitle "BritBase"]
[Source "John Saunders"]
[SourceDate "2024.12.03"]
[SourceVersion "1"]
[SourceVersionDate "2024.12.03"]
[SourceQuality "1"]

1. e4 c5 2. c3 g6 3. d4 cxd4 4. cxd4 d5 5. e5 Nc6 6. Nc3 a6 7. Nge2 Bg7 8. Nf4 e6 9. Be3 Nge7 10. Bd3 Nf5 11. Bxf5 gxf5 12. Nh5 Rg8 13. Qd2 b5 14. Bg5 Qb6 15. Be3 Bb7 16. O-O O-O-O 17. Nf4 Kb8 18. Rfd1 Qc7 19. Nce2 Rc8 20. Nd3 Bf8 21. Rac1 Qa5 22. Rxc6 Qxa2 23. Rxc8+ Bxc8 24. Rc1 Be7 25. Qc2 Qc4 26. b3 Qxc2 27. Rxc2 b4 28. Bd2 a5 29. Nc5 Bd8 30. f3 Ka7 31. Nc1 Ba6 32. Bxb4 axb4 1-0

[Event "Civil Service Ch 22nd"]
[Site "Leeds"]
[Date "2012.07.19"]
[Round "3.2"]
[White "Ashby, Anthony C"]
[Black "Brusey, Alan W"]
[Result "1/2-1/2"]
[WhiteElo "2090"]
[BlackElo "2042"]
[PlyCount "37"]
[EventDate "2012.07.18"]
[EventType "swiss"]
[EventRounds "5"]
[EventCountry "ENG"]
[SourceTitle "BritBase"]
[Source "John Saunders"]
[SourceDate "2024.12.03"]
[SourceVersion "1"]
[SourceVersionDate "2024.12.03"]
[SourceQuality "1"]

1. e4 e6 2. d4 d5 3. Nc3 Bb4 4. e5 c5 5. a3 Bxc3+ 6. bxc3 Ne7 7. Qg4 O-O 8. Bd3 Nbc6 9. Nf3 f5 10. exf6 Rxf6 11. Bg5 e5 12. Qh4 e4 13. Bxf6 gxf6 14. Qxf6 exd3 15. Qg5+ Ng6 16. Qxd8+ Nxd8 17. cxd3 Nf4 18. Kd2 cxd4 19. Nxd4 1/2-1/2

[Event "Civil Service Ch 22nd"]
[Site "Leeds"]
[Date "2012.07.19"]
[Round "3.3"]
[White "Lewyk, Ihor"]
[Black "Maxwell, Alistair"]
[Result "1/2-1/2"]
[WhiteElo "2066"]
[BlackElo "2058"]
[PlyCount "23"]
[EventDate "2012.07.18"]
[EventType "swiss"]
[EventRounds "5"]
[EventCountry "ENG"]
[SourceTitle "BritBase"]
[Source "John Saunders"]
[SourceDate "2024.12.03"]
[SourceVersion "1"]
[SourceVersionDate "2024.12.03"]
[SourceQuality "1"]

1. Nf3 Nf6 2. d4 g6 3. Bg5 Bg7 4. Nbd2 d5 5. e3 O-O 6. Bd3 Nbd7 7. O-O c5 8. c3 b6 9. Re1 Bb7 10. h3 Ne4 11. Bf4 Ndf6 12. Rc1 1/2-1/2

[Event "Civil Service Ch 22nd"]
[Site "Leeds"]
[Date "2012.07.19"]
[Round "3.4"]
[White "Parkes, Jack C"]
[Black "Bowering, Charles"]
[Result "1/2-1/2"]
[WhiteElo "1810"]
[BlackElo "1914"]
[PlyCount "36"]
[EventDate "2012.07.18"]
[EventType "swiss"]
[EventRounds "5"]
[EventCountry "ENG"]
[SourceTitle "BritBase"]
[Source "John Saunders"]
[SourceDate "2024.12.03"]
[SourceVersion "1"]
[SourceVersionDate "2024.12.03"]
[SourceQuality "1"]

1. e4 e5 2. Nf3 Nc6 3. d4 exd4 4. Nxd4 Nf6 5. Nxc6 bxc6 6. e5 Qe7 7. Qe2 Nd5 8. c4 Ba6 9. b3 g6 10. f4 Bg7 11. g3 O-O 12. Bb2 Rfe8 13. Qd2 Nb6 14. Bg2 f6 15. O-O fxe5 16. fxe5 Bxe5 17. Bxe5 Qxe5 18. Nc3 Qe3+ 1/2-1/2

[Event "Civil Service Ch 22nd"]
[Site "Leeds"]
[Date "2012.07.19"]
[Round "3.5"]
[White "Thurlow, Kevin J"]
[Black "Greenacre, Kevin"]
[Result "1-0"]
[WhiteElo "2114"]
[BlackElo "1906"]
[PlyCount "61"]
[EventDate "2012.07.18"]
[EventType "swiss"]
[EventRounds "5"]
[EventCountry "ENG"]
[SourceTitle "BritBase"]
[Source "John Saunders"]
[SourceDate "2024.12.03"]
[SourceVersion "1"]
[SourceVersionDate "2024.12.03"]
[SourceQuality "1"]

1. c4 e5 2. Nc3 Nf6 3. Nf3 Nc6 4. e3 d6 5. d4 Bg4 6. d5 Ne7 7. h3 Bd7 8. e4 g6 9. Bg5 Bg7 10. Qd2 a6 11. Bd3 O-O 12. O-O Qe8 13. Nh2 Kh8 14. f4 Nfg8 15. f5 f6 16. Be3 Rf7 17. g4 Qf8 18. h4 h6 19. c5 Kh7 20. Nf3 Bh8 21. Kf2 Rg7 22. Rg1 Be8 23. Rg2 Bf7 24. Rh1 gxf5 25. exf5 Nxd5 26. g5 Nde7 27. g6+ Nxg6 28. fxg6+ Bxg6 29. Rxg6 Rxg6 30. h5 Kg7 31. hxg6 1-0

[Event "Civil Service Ch 22nd"]
[Site "Leeds"]
[Date "2012.07.19"]
[Round "3.6"]
[White "Murray, Stephen A"]
[Black "Pickersgill, Adrian O"]
[Result "0-1"]
[WhiteElo "1842"]
[BlackElo "2170"]
[PlyCount "90"]
[EventDate "2012.07.18"]
[EventType "swiss"]
[EventRounds "5"]
[EventCountry "ENG"]
[SourceTitle "BritBase"]
[Source "John Saunders"]
[SourceDate "2024.12.03"]
[SourceVersion "1"]
[SourceVersionDate "2024.12.03"]
[SourceQuality "1"]

1. e4 d6 2. d4 Nf6 3. Nc3 c6 4. Nf3 Bg4 5. h3 Bh5 6. Qe2 e6 7. g4 Bg6 8. h4 h5 9. g5 Nfd7 10. Bg2 Be7 11. O-O O-O 12. Re1 Re8 13. Bd2 Na6 14. Rad1 d5 15. a3 Nc7 16. Bc1 a5 17. exd5 exd5 18. Qd2 b5 19. Ne2 Ne6 20. c3 Qc7 21. Nf4 Nxf4 22. Qxf4 Bd6 23. Qd2 Re4 24. Rxe4 dxe4 25. Ne5 Nxe5 26. dxe5 Bxe5 27. Re1 Rd8 28. Qe2 Re8 29. Be3 f5 30. gxf6 Bxf6 31. Bg5 Bxg5 32. hxg5 Qf4 33. Qe3 Qxe3 34. Rxe3 Kf7 35. f3 exf3 36. Rxf3+ Ke7 37. Bh3 Kd6 38. Kf2 Re5 39. Rg3 c5 40. Bf1 b4 41. axb4 axb4 42. cxb4 cxb4 43. Bc4 Kc5 44. b3 Kd4 45. Rg1 Ke4 0-1

[Event "Civil Service Ch 22nd"]
[Site "Leeds"]
[Date "2012.07.19"]
[Round "4.1"]
[White "Ashby, Anthony C"]
[Black "Bowers, Francis J"]
[Result "1/2-1/2"]
[WhiteElo "2090"]
[BlackElo "1914"]
[PlyCount "28"]
[EventDate "2012.07.18"]
[EventType "swiss"]
[EventRounds "5"]
[EventCountry "ENG"]
[SourceTitle "BritBase"]
[Source "John Saunders"]
[SourceDate "2024.12.03"]
[SourceVersion "1"]
[SourceVersionDate "2024.12.03"]
[SourceQuality "1"]

1. d4 Nf6 2. c4 g6 3. Nc3 Bg7 4. e4 d6 5. Be3 O-O 6. f3 e5 7. Nge2 Nc6 8. d5 Ne7 9. Qd2 Ne8 10. Nc1 f5 11. Nd3 Nf6 12. O-O-O Bd7 13. Bg5 c5 14. Ne2 a6 1/2-1/2

[Event "Civil Service Ch 22nd"]
[Site "Leeds"]
[Date "2012.07.19"]
[Round "4.2"]
[White "Brusey, Alan W"]
[Black "Archer, Richard P"]
[Result "1/2-1/2"]
[WhiteElo "2042"]
[BlackElo "2098"]
[PlyCount "36"]
[EventDate "2012.07.18"]
[EventType "swiss"]
[EventRounds "5"]
[EventCountry "ENG"]
[SourceTitle "BritBase"]
[Source "John Saunders"]
[SourceDate "2024.12.03"]
[SourceVersion "1"]
[SourceVersionDate "2024.12.03"]
[SourceQuality "1"]

1. e4 c5 2. Nf3 e6 3. c3 Nf6 4. e5 Nd5 5. d4 cxd4 6. Qxd4 Nc6 7. Qe4 f5 8. exf6 Nxf6 9. Qh4 Be7 10. Bd3 O-O 11. Bg5 g6 12. O-O Nh5 13. Bxe7 Qxe7 14. Qxe7 Nxe7 15. Nbd2 Nf4 16. Bc2 b6 17. Rfe1 Ba6 18. c4 Rac8 1/2-1/2

[Event "Civil Service Ch 22nd"]
[Site "Leeds"]
[Date "2012.07.19"]
[Round "4.3"]
[White "Maxwell, Alistair"]
[Black "Thurlow, Kevin J"]
[Result "1/2-1/2"]
[WhiteElo "2058"]
[BlackElo "2114"]
[PlyCount "65"]
[EventDate "2012.07.18"]
[EventType "swiss"]
[EventRounds "5"]
[EventCountry "ENG"]
[SourceTitle "BritBase"]
[Source "John Saunders"]
[SourceDate "2024.12.03"]
[SourceVersion "1"]
[SourceVersionDate "2024.12.03"]
[SourceQuality "1"]

1. c4 Nf6 2. Nc3 c5 3. Nf3 Nc6 4. g3 g6 5. Bg2 Bg7 6. O-O O-O 7. d4 cxd4 8. Nxd4 a6 9. Bg5 Qa5 10. Nxc6 dxc6 11. Qc1 Be6 12. Bd2 Qc7 13. b3 Rad8 14. Qc2 Rd7 15. Rad1 Rfd8 16. Bc1 b5 17. c5 a5 18. h3 Nd5 19. Nxd5 Bxd5 20. Bxd5 Rxd5 21. e4 Rxd1 22. Rxd1 Rd4 23. Be3 Rd7 24. Kg2 Qd8 25. Rxd7 Qxd7 26. a4 b4 27. Qc4 Qb7 28. Qd3 Qc8 29. Bf4 h5 30. h4 Kh7 31. Qc4 Kg8 32. Qd3 Kh7 33. Qc4 1/2-1/2

[Event "Civil Service Ch 22nd"]
[Site "Leeds"]
[Date "2012.07.19"]
[Round "4.4"]
[White "Pickersgill, Adrian O"]
[Black "Lewyk, Ihor"]
[Result "1/2-1/2"]
[WhiteElo "2170"]
[BlackElo "2066"]
[PlyCount "73"]
[EventDate "2012.07.18"]
[EventType "swiss"]
[EventRounds "5"]
[EventCountry "ENG"]
[SourceTitle "BritBase"]
[Source "John Saunders"]
[SourceDate "2024.12.03"]
[SourceVersion "1"]
[SourceVersionDate "2024.12.03"]
[SourceQuality "1"]

1. e4 d5 2. exd5 Nf6 3. c4 e6 4. d4 exd5 5. Nc3 Be7 6. h3 O-O 7. Nf3 Re8 8. Be3 Bf5 9. Be2 c6 10. O-O Bb4 11. Qb3 Qe7 12. a3 Bxc3 13. bxc3 Be4 14. Rfe1 dxc4 15. Qxc4 Nd5 16. Bd2 Nd7 17. Ng5 N7b6 18. Qb3 Qc7 19. Nxe4 Rxe4 20. Bd3 Ree8 21. Qc2 g6 22. c4 Nf4 23. Be4 Rad8 24. Ba5 c5 25. d5 Qd6 26. Rad1 Rd7 27. Bf3 Rde7 28. Rxe7 Rxe7 29. Re1 Rxe1+ 30. Bxe1 Qe5 31. Bc3 Qe7 32. Qc1 g5 33. Bd2 Qf6 34. Bxf4 gxf4 35. Kh2 Qd4 36. Qe1 Nxc4 37. Qe7 1/2-1/2

[Event "Civil Service Ch 22nd"]
[Site "Leeds"]
[Date "2012.07.19"]
[Round "4.5"]
[White "Greenacre, Kevin"]
[Black "Parkes, Jack C"]
[Result "1-0"]
[WhiteElo "1906"]
[BlackElo "1810"]
[PlyCount "95"]
[EventDate "2012.07.18"]
[EventType "swiss"]
[EventRounds "5"]
[EventCountry "ENG"]
[SourceTitle "BritBase"]
[Source "John Saunders"]
[SourceDate "2024.12.03"]
[SourceVersion "1"]
[SourceVersionDate "2024.12.03"]
[SourceQuality "1"]

1. e4 e6 2. d4 d5 3. e5 c5 4. c3 Qb6 5. Nf3 Bd7 6. Be2 Nc6 7. O-O Rc8 8. a3 c4 9. Nbd2 Na5 10. Re1 Nb3 11. Nxb3 Ba4 12. Be3 h6 13. Nfd2 Ne7 14. Qb1 Bxb3 15. Bf3 Nf5 16. Nxb3 Qxb3 17. Bd1 Qb5 18. Bc2 Nxe3 19. fxe3 Be7 20. e4 O-O 21. exd5 exd5 22. Bf5 Rcd8 23. Qc2 Qc6 24. e6 fxe6 25. Bxe6+ Kh8 26. Re2 Bf6 27. Rae1 Bh4 28. g3 Bg5 29. Re5 Bf6 30. R5e2 Rde8 31. Qg6 Bd8 32. Qh5 Rf6 33. Bxd5 Rxe2 34. Rxe2 Qd6 35. Re8+ Kh7 36. Bg8+ Kh8 37. Bxc4+ Kh7 38. Qe5 Qxe5 39. Rxe5 b6 40. Re8 Rd6 41. Re2 a5 42. Kf2 h5 43. Re5 Kh6 44. h4 Bf6 45. Re8 Rc6 46. Rh8+ Kg6 47. Bd3+ Kf7 48. Rxh5 1-0

[Event "Civil Service Ch 22nd"]
[Site "Leeds"]
[Date "2012.07.19"]
[Round "4.6"]
[White "Bowering, Charles"]
[Black "Murray, Stephen A"]
[Result "1/2-1/2"]
[WhiteElo "1914"]
[BlackElo "1842"]
[PlyCount "25"]
[EventDate "2012.07.18"]
[EventType "swiss"]
[EventRounds "5"]
[EventCountry "ENG"]
[SourceTitle "BritBase"]
[Source "John Saunders"]
[SourceDate "2024.12.03"]
[SourceVersion "1"]
[SourceVersionDate "2024.12.03"]
[SourceQuality "1"]

1. d4 Nf6 2. Nc3 e6 3. e4 d5 4. Bg5 Be7 5. e5 Nfd7 6. Bxe7 Qxe7 7. f4 c5 8. Nf3 Nc6 9. Qd2 a6 10. Ne2 O-O 11. c3 f6 12. Ng3 cxd4 13. cxd4 1/2-1/2